Spanish Infinitives - F - Statistics

General Stats
  • This quiz has been taken 2 times
  • The average score is 9 of 15
Answer Stats
Hint Answer % Correct
Flotar to float
100%
Forzar to force
100%
Formar to form
100%
Firmar to sign
100%
Fumar to smoke
100%
Felicitar to congratulate
50%
Fallar to fail
50%
Fijar to fix
50%
Freír to fry
50%
Fundir to melt
50%
Fingir to pretend
50%
Fusilar to shoot
50%
Frenar to brake
0%
Fruncir to frown
0%
Faltar to lack
0%
No matching quizzes found
Score Distribution
Percent of People with Each Score
Percentile by Number Answered
Your Score History
You have not taken this quiz